<?xml version="1.0" encoding="UTF-8"?>
<record
    xmlns:xsi="http://www.w3.org/2001/XMLSchema-instance"
    xsi:schemaLocation="http://www.loc.gov/MARC21/slim http://www.loc.gov/standards/marcxml/schema/MARC21slim.xsd"
    xmlns="http://www.loc.gov/MARC21/slim">

  <leader>00733cam a22002171  4500</leader>
  <controlfield tag="001">sa 64007752 </controlfield>
  <controlfield tag="003">DLC</controlfield>
  <controlfield tag="005">20260227112049.0</controlfield>
  <controlfield tag="008">890911s1963    ii            000 0 hino </controlfield>
  <datafield tag="010" ind1=" " ind2=" ">
    <subfield code="a">sa 64007752 </subfield>
  </datafield>
  <datafield tag="035" ind1=" " ind2=" ">
    <subfield code="a">(OCoLC)20326057</subfield>
  </datafield>
  <datafield tag="040" ind1=" " ind2=" ">
    <subfield code="a">DLC</subfield>
    <subfield code="c">WaU</subfield>
    <subfield code="d">NRU</subfield>
    <subfield code="d">DLC</subfield>
  </datafield>
  <datafield tag="042" ind1=" " ind2=" ">
    <subfield code="a">premarc</subfield>
  </datafield>
  <datafield tag="050" ind1="0" ind2="0">
    <subfield code="a">PK2095.T8</subfield>
    <subfield code="b">R32</subfield>
  </datafield>
  <datafield tag="100" ind1="0" ind2=" ">
    <subfield code="a">Baijan&#x101;thasi&#x1E43;ha.</subfield>
  </datafield>
  <datafield tag="245" ind1="1" ind2="0">
    <subfield code="a">M&#x101;nasa k&#x101; s&#x101;m&#x101;jika dar&#x15B;ana;</subfield>
    <subfield code="b">R&#x101;macaritam&#x101;nasa k&#x101; sam&#x101;ja&#x15B;astriya adhyayana.</subfield>
    <subfield code="c">Lekhaka Baijan&#x101;thasi&#x1E43;ha.</subfield>
  </datafield>
  <datafield tag="260" ind1=" " ind2=" ">
    <subfield code="a">[Na&#x12B; Dill&#x12B;]</subfield>
    <subfield code="b">Bh&#x101;rata Sevaka Sam&#x101;ja ke lie Sast&#x101; S&#x101;hitya Ma&#x1E47;&#x1E0D;ala dv&#x101;r&#x101; prak&#x101;&#x15B;ita,</subfield>
    <subfield code="c">1963.</subfield>
  </datafield>
  <datafield tag="300" ind1=" " ind2=" ">
    <subfield code="a">170 p.</subfield>
    <subfield code="c">18 cm.</subfield>
  </datafield>
  <datafield tag="500" ind1=" " ind2=" ">
    <subfield code="a">In Hindi.</subfield>
  </datafield>
  <datafield tag="600" ind1="0" ind2="0">
    <subfield code="a">Tulas&#x12B;d&#x101;sa,</subfield>
    <subfield code="d">1532-1623.</subfield>
    <subfield code="t">R&#x101;macaritam&#x101;nasa.</subfield>
  </datafield>
  <datafield tag="999" ind1=" " ind2=" ">
    <subfield code="c">60464</subfield>
    <subfield code="d">60464</subfield>
  </datafield>
</record>
